000 00479nam a22001457a 4500
003 MACL
005 20200315123215.0
008 200315b xxu||||| |||| 00| 0 eng d
040 _cMACL
100 _aमुखर्जी,सिद्धार्थ
_978652
245 _aएन्‍साइक्‍लोपीडिया
260 _aमेरठ
_bअरिहंत पब्लिकेशन
_c2020
650 _aसा.विज्ञान
_978653
942 _2ddc
_cHIN
999 _c62411
_d62411